Statistics for Biggest Cities in Western Europe - Easy

Click here to take the quiz!

General Stats

  • This quiz has been taken 247 times
  • The average score is 63 of 100

Answer Stats

RankCountryPopCity% Correct
1UK8,754,710London
100%
11Belgium1,187,960Brussels
99%
3Spain3,165,541Madrid
99%
4Italy2,864,731Rome
99%
5France2,220,445Paris
99%
6Austria1,867,960Vienna
99%
2Germany3,520,031Berlin
99%
8Spain1,608,746Barcelona
99%
18Netherlands848,861Amsterdam
98%
10Italy1,345,581Milan
97%
44UK537,820Manchester
97%
15Sweden935,619Stockholm
97%
9Germany1,450,381Munich
96%
12UK1,126,927Birmingham
96%
23Norway666,759Oslo
96%
27Finland635,181Helsinki
94%
31Denmark602,481Copenhagen
93%
7Germany1,787,408Hamburg
93%
14Italy974,074Naples
92%
17France858,120Marseille
92%
24Greece664,046Athens
91%
41Ireland553,165Dublin
91%
20Germany732,688Frankfurt am Main
91%
36UK565,161Liverpool
90%
50France506,615Lyon
90%
26Netherlands638,221Rotterdam
89%
30UK603,080Glasgow
89%
53UK480,250Edinburgh
88%
42Portugal552,700Lisbon
88%
13Germany1,060,582Cologne
86%
58Switzerland396,955Zürich
84%
21Spain690,566Seville
82%
29Germany612,178Düsseldorf
82%
22Italy674,435Palermo
82%
51UK493,623Leeds
81%
16Italy890,526Turin
80%
19Spain790,021Valencia
79%
28Germany623,738Stuttgart
79%
48Belgium517,042Antwerp
79%
99Italy263,352Venice
78%
60Italy382,808Florence
74%
47Netherlands524,305The Hague
73%
43Germany543,825Dresden
72%
71UK333,740Belfast
72%
67Spain345,122Bilbao
70%
66UK345,810Cardiff
70%
68France343,895Nice
70%
32Italy586,655Genoa
69%
90UK279,534Newcastle upon Tyne
69%
40Sweden556,640Göteborg
69%
46Germany532,163Hannover
67%
74Sweden328,494Malmö
65%
45UK535,782Sheffield
64%
39Germany557,464Bremen
63%
38Germany560,472Leipzig
63%
49Germany509,975Nuremberg
62%
37UK560,982Bristol
61%
35Spain569,009Málaga
61%
54France466,297Toulouse
61%
33Germany586,181Dortmund
60%
34Germany582,624Essen
60%
25Spain661,088Zaragoza
60%
59Italy386,663Bologna
56%
98UK266,391Southampton
55%
91Norway278,556Bergen
54%
85France298,029Nantes
50%
83UK302,029Nottingham
48%
93France276,170Strasbourg
48%
76Italy326,344Bari
47%
69Netherlands343,086Utrecht
46%
55UK458,175Leicester
45%
82Germany305,780Mannheim
45%
77Greece325,182Thessaloniki
45%
78Germany318,809Bonn
44%
57Spain402,949Palma de Mallorca
42%
70Denmark335,684Aarhus
40%
56Spain441,003Murcia
37%
52Germany491,231Duisburg
36%
89Austria283,586Graz
33%
73Spain330,525Alicante
33%
79Italy314,555Catania
33%
87UK286,989Kingston upon Hull
32%
94France275,318Montpellier
28%
64UK355,026Coventry
28%
61Spain378,998Las Palmas
27%
75Spain326,609Córdoba
27%
97UK273,219Stoke-on-Trent
26%
63UK357,385Bradford
26%
62Germany364,732Bochum
25%
81Germany307,755Karlsruhe
22%
80Germany310,039Münster
21%
72Germany333,090Bielefeld
21%
84Spain301,876Valladolid
21%
65Germany350,046Wuppertal
21%
88Germany286,374Augsburg
20%
86Spain292,817Vigo
20%
95Finland274,583Espoo
18%
96Spain273,422Gijón
15%
100UK260,955Derby
15%
92Germany276,218Wiesbaden
6%

Score Distribution

Percentile by Number Answered

Percent of People with Each Score

Your Score History

You have not taken this quiz